El ascenso de las incertidumbres: trabajo, protecciones, estatutos del individuo

محفوظ في:
التفاصيل البيبلوغرافية
المؤلف الرئيسي: Castel, Robert (مؤلف)
التنسيق: كتاب
اللغة:الإسبانية
منشور في: Buenos Aires Fondo de Cultura Económica 2010
الطبعة:1a. ed
سلاسل:Obras de Sociología
Colección Sociología
الموضوعات:
الوسوم: إضافة وسم
لا توجد وسوم, كن أول من يضع وسما على هذه التسجيلة!

MARC

LEADER 00000cam a2200000 a 4500
001 UCG4053
003 CL-VaPUC
008 101007e20100000AG |||||||||||||||||spa|d
020 |a 9789505578429 
082 0 4 |a 306.36  |b CAS  |2 21 
100 0 |a Castel, Robert  |e author  |9 553391 
245 1 3 |a El ascenso de las incertidumbres: trabajo, protecciones, estatutos del individuo 
250 |a 1a. ed 
300 |a 342 p 
942 |c BK 
945 |d 20101007 00:00:00  |a mfarfan 
260 |a Buenos Aires  |b Fondo de Cultura Económica  |c 2010 
650 0 |a Sociología   |9 255410 
650 0 |a Trabajo  |9 313876 
650 7 |a SOCIOLOGIA DEL TRABAJO  |2 CL-VaPUC  |9 553392 
583 |a last modification  |c 20131018 07:30:24  |k Rodrigo Vera 
490 0 |a Obras de Sociología 
490 0 |a Colección Sociología 
999 |c 342952  |d 342950 
952 |0 0  |1 0  |4 0  |6 306_360000000000000_CAS_2010  |7 0  |8 A  |9 439704  |a BIBGIM  |b BIBGIM  |d 2019-11-22  |i 4724127  |o 306.36 CAS 2010  |p 4724127  |r 2025-01-15  |w 2019-11-22  |y BK  |k SSL 
952 |0 0  |1 0  |4 0  |6 306_360000000000000_CAS_2010  |7 0  |8 A  |9 439705  |a BIBGIM  |b BIBGIM  |d 2019-11-22  |i 4736524  |o 306.36 CAS 2010  |p 4736524  |r 2025-01-15  |w 2019-11-22  |y BK  |k SSL 
952 |0 0  |1 0  |3 erb  |4 0  |6 306_360000000000000_CAS_2010  |7 0  |8 A  |9 439706  |a BIBEDU  |b BIBEDU  |d 2019-11-22  |i 5019125  |o 306.36 CAS 2010  |p 5019125  |r 2019-11-22  |w 2019-11-22  |y BK  |z Catalogado en:20131018  |k PSI